Keď majú sudy naozaj zlaté dno

Cesta firmy Iron Art z Hontianskych Tesárov z lepšieho štandardu medzi elitu ziskovosti. Výroba dubových dosiek na sudy. Spoločná značka s najsilnejšou svetovou sudárskou firmou Boswell-Polónyi.

Salvato in:
Dettagli Bibliografici
Autore principale: Haluza, Ivan
Natura: Capitolo di libro
Lingua:slovacco
Soggetti:
Tags: Aggiungi Tag
Nessun Tag, puoi essere il primo ad aggiungerne!!

MARC

LEADER 00000naa a2200000 4500
001 0234969
005 20221104112630.9
041 0 |a slo 
044 |a SK 
245 1 0 |a Keď majú sudy naozaj zlaté dno  |c Ivan Haluza 
520 |a Cesta firmy Iron Art z Hontianskych Tesárov z lepšieho štandardu medzi elitu ziskovosti. Výroba dubových dosiek na sudy. Spoločná značka s najsilnejšou svetovou sudárskou firmou Boswell-Polónyi. 
610 2 0 |a podnikanie 
610 2 0 |a podnikatelia 
610 2 0 |a manažéri 
610 2 0 |a firmy 
610 2 0 |a podnik výrobný 
610 2 0 |a drevo 
610 2 0 |a zisk 
610 2 0 |a značky 
610 2 0 |a Slovensko 
100 1 |a Haluza, Ivan